Score 0/16 Timer 03:00
0 Plays Today
Question Answer Wrong Answers
This state's cities include Charleston, Wheeling and Huntington. West Virginia
90.9%
Washington
1.2%
Wisconsin
1.9%
Wyoming
2.4%
This state contains the cloudiest region of the United States, with temperatures moderated by the Puget Sound. Washington
89.3%
West Virginia
2.2%
Wisconsin
2.7%
Wyoming
1.9%
John Denver sings about this state in his song Take Me Home, Country Roads. West Virginia
88.8%
Washington
1%
Wisconsin
0.4%
Wyoming
6.2%
This state's cities include Madison, Eau Claire and Appleton. Wisconsin
88.8%
Washington
1.5%
West Virginia
2.6%
Wyoming
3.4%
This state's cities include Tacoma, Spokane and Everett. Washington
88.5%
West Virginia
1.4%
Wisconsin
2.7%
Wyoming
4%
This state's cities include Laramie, Rock Springs and Sheridan. Wyoming
85.6%
Washington
2.8%
West Virginia
4.2%
Wisconsin
3.5%
This state's largest city is the home of grunge music, a genre including local bands like Nirvana, Pearl Jam, and Alice in Chains. Washington
84.9%
West Virginia
3.4%
Wisconsin
6.4%
Wyoming
1.8%
John Brown's 1859 Raid on Harper's Ferry took place in what is today this state. West Virginia
81.8%
Washington
6%
Wisconsin
3.9%
Wyoming
4.5%
This state is nicknamed 'The Mountain State' due to its position in the Appalachians. West Virginia
79.8%
Washington
7.2%
Wisconsin
1.3%
Wyoming
7.8%
Grand Teton National Park is located in this state. Wyoming
77%
Washington
12.5%
West Virginia
3.7%
Wisconsin
2.5%
This state's only NFL team is unusual in that it is community-owned and not for profit. Wisconsin
74.2%
Washington
14.1%
West Virginia
2.9%
Wyoming
4.9%
To travel by land from a small part of this state to the rest of it, residents need to cross two international borders. Washington
65.5%
West Virginia
2.5%
Wisconsin
24.5%
Wyoming
3.6%
The cycle and motorcycle company Harley-Davidson originated in this state. Wisconsin
62.6%
Washington
8.3%
West Virginia
14.9%
Wyoming
10.6%
Landmarks in this state include Devil's Lake, the Noah's Ark Waterpark, and the former home of Frank Lloyd Wright. Wisconsin
47.7%
Washington
10.9%
West Virginia
17.9%
Wyoming
19.7%
This state was the first to grant women suffrage and the first to elect a female Governor. Wyoming
43.9%
Washington
23.1%
West Virginia
11.8%
Wisconsin
17.6%
The world's largest coal mine, the North Antelope Rochelle mine, is located in this state. Wyoming
25.8%
Washington
4.5%
West Virginia
62.7%
Wisconsin
3.5%

Today's Daily Dose

Remove Ads.
Support Sporcle.
Get the best of Sporcle when you Go Orange. This ad-free experience offers more features, more stats, and more fun while also helping to support Sporcle. Thank you for becoming a member.

You're not logged in!

Compare scores with friends on all Sporcle quizzes.
OR
Log In

Sporcle TV

Today on Sporcle TV


Watch our educational content, quiz creation guides, and fun videos on Sporcle TV.

Show Comments

Extras

Top Quizzes Today


Score Distribution

Paid Content

Your Account Isn't Verified!

In order to create a playlist on Sporcle, you need to verify the email address you used during registration. Go to your Sporcle Settings to finish the process.

Report this User

Report this user for behavior that violates our Community Guidelines.

Details: